Score 0/10 Timer 00:45
0 Plays Today
% Correct
Winter Olympic Games
87.9%
Winter Solstice
86.2%
Nuclear Winter
83.8%
The Winter's Tale
79.4%
Winter Haven
77%
The Winter Soldier
71.4%
Milady de Winter
66.6%
Winter is Coming
65.9%
Richard 'Dick' Winters
57.3%
Tex Winter
50.1%

Today's Daily Dose

Missing Word
'D' in Video Games

Word Ladder
Lent Begins

Get the Picture
Antz or A Bug's Life?

You're not logged in!

Compare scores with friends on all Sporcle quizzes.
OR
Log In

Sporcle TV

Today on Sporcle TV


Watch our educational content, quiz creation guides, and fun videos on Sporcle TV.

Show Comments

Extras

Top Quizzes Today


Score Distribution

Paid Content

Your Account Isn't Verified!

In order to create a playlist on Sporcle, you need to verify the email address you used during registration. Go to your Sporcle Settings to finish the process.

Report this User

Report this user for behavior that violates our Community Guidelines.

Details: